Documento firmado por Don José Manuel Herrera (Record no. 4615)

MARC details
000 -CABECERA
campo de control de longitud fija 01769nam a2200361 a 4500
001 - NÚMERO DE CONTROL
campo de control BRCA_4921
005 - FECHA Y HORA DE LA ÚLTIMA TRANSACCIÓN
campo de control 20190320204847.0
008 - DATOS DE LONGITUD FIJA--INFORMACIÓN GENERAL
campo de control de longitud fija 201010s1822----mx-#######---#000-0#spa-#
041 ## - CÓDIGO DE LENGUA
Código de lengua del texto/banda sonora o título independiente spa
044 ## - CÓDIGO DEL PAÍS DE LA ENTIDAD EDITORA/PRODUCTORA
Código MARC del país mx
084 ## - OTRO NÚMERO DE CLASIFICACIÓN
Número de clasificación DOC20
Número de documento/Ítem .H47
-- 1822
100 1# - ENTRADA PRINCIPAL--NOMBRE DE PERSONA
Nombre de persona Herrera, José Manuel
9 (RLIN) 12474
245 10 - MENCIÓN DE TÍTULO
Título Documento firmado por Don José Manuel Herrera
Mención de responsabilidad, etc. José Manuel Herrera ; Agustín de Iturbide.
260 ## - PUBLICACIÓN, DISTRIBUCIÓN, ETC.
Lugar de publicación, distribución, etc. México
Fecha de publicación, distribución, etc. 1822
300 ## - DESCRIPCIÓN FÍSICA
Extensión [2] fojas
Dimensiones 30 x 21 cm.
500 ## - NOTA GENERAL
Nota general Documento firmado el 19 de diciembre de 1822.
500 ## - NOTA GENERAL
Nota general Documento que contiene un informe reservado dirigido por Herrera al Señor Capitán General del Sur, avisándole de la traición de Antonio López de Santa Anna y comunicándole una contraseña para el intercambio de oficios por disposición de Iturbide.
500 ## - NOTA GENERAL
Nota general Al margen inscripción que dice: ´PRIMERA SECRETARIA DE ESTADO. Sección de Estado´.
500 ## - NOTA GENERAL
Nota general Contiene sello oficial del Primer Imperio Mexicano (Iturbide).
500 ## - NOTA GENERAL
Nota general El documento contiene la leyenda DOC. #29.
500 ## - NOTA GENERAL
Nota general Papel con marca de agua.
500 ## - NOTA GENERAL
Nota general Estado de conservación: contiene mancha de acidez al margen derecho y anotaciones con tinta roja.
506 0# - NOTA DE RESTRICCIONES AL ACCESO
Limitaciones de acceso Fondo Reservado. Para su consulta es necesario credencial de usuario y carta de motivos.
546 ## - NOTA DE LENGUA/LENGUAJE
Nota de lengua/lenguaje Texto en: español de principios del siglo XIX.
600 14 - PUNTO DE ACCESO ADICIONAL DE MATERIA--NOMBRE DE PERSONA
Nombre de persona Herrera, José Manuel
Subdivisión general Historia
9 (RLIN) 12475
650 14 - PUNTO DE ACCESO ADICIONAL DE MATERIA--TÉRMINO DE MATERIA
Término de materia o nombre geográfico como elemento de entrada Golpes de estado
Subdivisión geográfica México
9 (RLIN) 12476
651 #4 - PUNTO DE ACCESO ADICIONAL DE MATERIA--NOMBRE GEOGRÁFICO
Nombre geográfico México
Subdivisión general Historia
Subdivisión cronológica Primeros gobiernos independientes, 1821-1824
9 (RLIN) 12477
653 0# - TÉRMINO DE INDIZACIÓN--NO CONTROLADO
Término no controlado Primer Imperio Mexicano
700 1# - PUNTO DE ACCESO ADICIONAL--NOMBRE DE PERSONA
Nombre de persona Iturbide, Agustín de
Títulos y otros términos asociados al nombre Emperador de México
Fechas asociadas al nombre 1783-1824
9 (RLIN) 12478
700 1# - PUNTO DE ACCESO ADICIONAL--NOMBRE DE PERSONA
Nombre de persona Lopéz de Santa Anna, Antonio
Fechas asociadas al nombre 1794-1876
9 (RLIN) 12479
902 ## - CATALOGADOR
Iniciales FDH
942 ## - ELEMENTOS DE PUNTO DE ACCESO ADICIONAL (KOHA)
Fuente del sistema de clasificación o colocación Library of Congress Classification
Tipo de ítem Koha Documentos
Holdings
Estado de retiro Estado de pérdida Estado dañado No para préstamo Localización permanente Ubicación/localización actual Fecha de adquisición Total de préstamos Signatura topográfica completa Código de barras Fecha visto por última vez Precio válido a partir de Tipo de ítem Koha
El ejemplar forma parte de la colección y puede ser consultado según las políticas vigentes.       Biblioteca del Museo Franz Mayer (Rogerio Casas-Alatriste) Biblioteca del Museo Franz Mayer (Rogerio Casas-Alatriste) 20/10/2010   DOC20 .H47 1822 4982 22/03/2019 22/03/2019 Documentos